Исследование модификации поверхности циркониевого сплава импульсным электронным пучком: диссертация на соискание ученой степени кандидата физико-математических наук; спец. 01.04.07

Bibliografiset tiedot
Päätekijä: Пушилина Н. С. Наталья Сергеевна
Yhteisötekijä: Национальный исследовательский Томский политехнический университет (ТПУ)
Muut tekijät: Чернов И. П. Иван Петрович (научный руководитель)
Yhteenveto:Защищена 7.12.2011 г.
Kieli:venäjä
Julkaistu: Томск, 2011
Aiheet:
Aineistotyyppi: MixedMaterials Kirja
KOHA link:https://koha.lib.tpu.ru/cgi-bin/koha/opac-detail.pl?biblionumber=205680

MARC

LEADER 00000nbm0a2200000 4500
001 205680
005 20250917071650.0
035 |a (RuTPU)RU\TPU\book\224162 
035 |a RU\TPU\book\224072 
090 |a 205680 
100 |a 20111212j20111207k y0rusy50 ca 
101 0 |a rus 
102 |a RU 
105 |a a m 001zy 
200 1 |a Исследование модификации поверхности циркониевого сплава импульсным электронным пучком  |e диссертация на соискание ученой степени кандидата физико-математических наук  |e спец. 01.04.07  |f Н. С. Пушилина  |g Национальный исследовательский Томский политехнический университет (ТПУ) ; науч. рук. И. П. Чернов 
210 |a Томск  |d 2011 
215 |a 107 л.  |c ил. 
300 |a Защищена 7.12.2011 г. 
320 |a Библиогр.: с. 95-107 (117 назв.). 
606 1 |a Циркониевые сплавы  |x Прочность  |2 stltpush  |3 (RuTPU)RU\TPU\subj\18328  |9 43781 
606 1 |a Водород в металлах и сплавах  |2 stltpush  |3 (RuTPU)RU\TPU\subj\22070  |9 46953 
610 1 |a цирконий 
610 1 |a защитные покрытия 
610 1 |a структура 
610 1 |a свойства 
610 1 |a электронное воздействие 
610 1 |a исследования 
610 1 |a физико-механические свойства 
610 1 |a структурно-фазовые состояния 
610 1 |a импульсные электронные пучки 
610 1 |a влияние 
610 1 |a диссертации 
610 1 |a труды учёных ТПУ 
675 |a 669.296(04)  |v 3 
675 |a 669.788(04)  |v 3 
686 |a 01.04.07  |2 oksvnk 
700 1 |a Пушилина  |b Н. С.  |c физик  |c доцент Томского политехнического университета, кандидат физико-математических наук  |f 1984-  |g Наталья Сергеевна  |y Томск  |3 (RuTPU)RU\TPU\pers\27871  |9 12887 
702 1 |a Чернов  |b И. П.  |c физик  |c профессор Томского политехнического университета, доктор физико-математических наук  |f 1935-2025  |g Иван Петрович  |x TPU  |y Томск  |3 (RuTPU)RU\TPU\pers\12909  |4 727  |9 3694 
712 0 2 |a Национальный исследовательский Томский политехнический университет (ТПУ)  |c (2009- )  |3 (RuTPU)RU\TPU\col\15902 
801 1 |a RU  |b 63413507  |c 20111213 
801 2 |a RU  |b 63413507  |c 20111220  |g RCR 
942 |c BK